| 000 | 00406nam a22001697a 4500 | ||
|---|---|---|---|
| 003 | NUST - PNEC | ||
| 005 | 20170116181156.0 | ||
| 008 | 160112b xxu||||| |||| 00| 0 eng d | ||
| 020 | _a- | ||
| 040 | _cLIBRARY | ||
| 082 | _a912.12 AER | ||
| 100 |
_915981 _aAero, Stores |
||
| 245 |
_aNew map of baluchistan _cAero Stores |
||
| 260 | _c- | ||
| 650 |
_915983 _aBaluchistan _xGeneral |
||
| 942 |
_2ddc _cBK |
||
| 999 |
_c71239 _d71239 |
||